| 000 | 00602nam a2200193 i 4500 | ||
|---|---|---|---|
| 001 | 27493 | ||
| 003 | ES-MaACL | ||
| 005 | 20250812024125.0 | ||
| 007 | t| | ||
| 008 | 030114s1932 fr ||||1| fre d | ||
| 100 | 1 |
_aAubert, Marcel. _923799 |
|
| 245 | 1 | 0 |
_aNouvelle histoire universelle de l'art / _cpubliée sous la direction de Marcel Aubert ; préface d'Emilie Mâle. |
| 260 |
_aParís : _bFirmin Didot, _c1932. |
||
| 300 |
_a2 v. : _bil. ; _c29 cm. |
||
| 650 | 0 | 4 |
_aArte- _vHistoria _910107 |
| 700 | 1 |
_aMâle, Emile. _975743 |
|
| 852 |
_aES-MaACL _jA-1863-64 |
||
| 999 |
_c27493 _d27493 |
||